00378nam a22001337a 450000500170000000800410001704100230005808200130008110000230009424500400011726000380015730000240019565000250021920240828130927.0240828b |||||||| |||| 00| 0 eng d aEnglish/Afrikaans  a349 LAW  lEnglish/Afrikaans  aThe Laws of South West Africa 1997  aWindhoek: bBy Authority, c1997  b34 pages; c25 cm.  aLegal practice bLaw